Land Predators of North America : (Record no. 49379)
| 000 -LEADER | |
|---|---|
| fixed length control field | 00698nam a2200145 4500 |
| 020 ## - INTERNATIONAL STANDARD BOOK NUMBER | |
| International Standard Book Number | 9780531159453 |
| 100 ## - MAIN ENTRY--PERSONAL NAME | |
| Personal name | Swan, Erin Pembrey, |
| Relator term | author. |
| 9 (RLIN) | 86582 |
| 245 ## - TITLE STATEMENT | |
| Title | Land Predators of North America : |
| Remainder of title | Animals in order / |
| Statement of responsibility, etc | By Erin Pembrey Swan. |
| 260 ## - PUBLICATION, DISTRIBUTION, ETC. (IMPRINT) | |
| Place of publication, distribution, etc | Canada ; |
| Name of publisher, distributor, etc | Children's Press : |
| Date of publication, distribution, etc | 1999. |
| 300 ## - PHYSICAL DESCRIPTION | |
| Extent | 47 pages. |
| Dimensions | 20.32 x 0.64 x 24.13 cm. |
| 500 ## - GENERAL NOTE | |
| General note | Each book describes how scientists classify living things and then explains -- in clear, simple language -- how the group of animals featured in the book fits into the larger picture. |
| 650 ## - SUBJECT ADDED ENTRY--TOPICAL TERM | |
| 9 (RLIN) | 16090 |
| Topical term or geographic name as entry element | Predatory animals |
| Form subdivision | Juvenile literature. |
| 650 ## - SUBJECT ADDED ENTRY--TOPICAL TERM | |
| 9 (RLIN) | 42443 |
| Topical term or geographic name as entry element | Animal tracks |
| General subdivision | Identification |
| -- | Juvenile literature. |
| 942 ## - ADDED ENTRY ELEMENTS (KOHA) | |
| Source of classification or shelving scheme | |
| Koha item type | Book |
| Withdrawn status | Lost status | Source of classification or shelving scheme | Damaged status | Not for loan | Home library | Current library | Date acquired | Total Checkouts | Full call number | Barcode | Date last seen | Price effective from | Koha item type |
|---|---|---|---|---|---|---|---|---|---|---|---|---|---|
| Logos International School | Logos International School | 08/21/2025 | J 599.15 SWA | 042885 | 08/25/2025 | 08/21/2025 | Book |